Dans quels pays se trouvent ces stades de foot - Statistiques

Statistiques générales
  • Ce quiz a été pris 128 fois
  • Le résultat moyen est 7 sur 15
Statistiques - réponses
Par images Réponse % Correct
Allemagne
91%
Espagne
65%
France
65%
Royaume-Uni
56%
Italie
55%
Brésil
54%
Pays-Bas
47%
Portugal
45%
Russie
43%
Chine
40%
Turquie
37%
Corée du Nord
27%
Suisse
27%
Afrique du Sud
21%
Egypte
7%
Aucun quiz correspondant
Distribution des résultats
% des personnes avec chaque résultat
Percentile par nombre de réponses
Votre historique - résultats
Vous n’avez pas pris ce quiz